Brisbane Suburbs Quiz - Statistics

General Stats
  • This quiz has been taken 1,456 times
  • The average score is 56 of 186
Answer Stats
Hint Answer % Correct
Indooroopilly
64%
Chermside
63%
Fortitude Valley
63%
South Brisbane
63%
West End
62%
Toowong
59%
Sunnybank
55%
Carindale
54%
Mt Gravatt
54%
New Farm
54%
Ascot
52%
Milton
52%
St Lucia
50%
Annerley
48%
Brisbane City
48%
Hamilton
48%
The Gap
48%
Albion
46%
Oxley
46%
Yeronga
46%
Ashgrove
45%
Aspley
45%
Auchenflower
45%
Kedron
45%
Bowen Hills
44%
Bulimba
44%
East Brisbane
44%
Paddington
44%
Taringa
44%
Carina
43%
Manly
43%
Coorparoo
42%
Ferny Grove
42%
Inala
42%
Nudgee
42%
Nundah
42%
Woolloongabba
42%
Holland Park
41%
Cannon Hill
40%
Kangaroo Point
40%
Kenmore
40%
Morningside
40%
Darra
39%
Jindalee
39%
Kelvin Grove
39%
Newmarket
39%
Red Hill
39%
Spring Hill
39%
Zillmere
39%
Bardon
38%
Clayfield
38%
Graceville
38%
Sunnybank Hills
38%
Greenslopes
37%
Sandgate
37%
Windsor
37%
Acacia Ridge
36%
Everton Park
36%
Highgate Hill
36%
Moorooka
36%
Newstead
36%
Alderley
35%
Corinda
35%
Sherwood
35%
Stafford
35%
Camp Hill
34%
Chelmer
34%
Dutton Park
34%
Enoggera
34%
Fairfield
34%
Hawthorne
34%
Northgate
34%
Boondall
33%
Eagle Farm
33%
Eight Mile Plains
33%
Hendra
33%
Rocklea
32%
Wilston
32%
Forest Lake
31%
Mitchelton
31%
Runcorn
31%
Algester
30%
Banyo
30%
Calamvale
30%
Carseldine
30%
Lutwyche
30%
Wynum
30%
Chapel Hill
29%
Grange
29%
Herston
29%
Salisbury
29%
Tingalpa
29%
Balmoral
28%
Bracken ridge
28%
Chermside West
28%
Coopers Plains
28%
Holland Park West
28%
Norman Park
28%
Rochedale
28%
Tarragindi
28%
Virginia
28%
Brookfield
27%
Mt Gravatt East
27%
Pinkenba
27%
Archerfield
26%
Fig Tree Pocket
26%
Mansfield
26%
Nathan
26%
Wooloowin
26%
Yeerongpilly
26%
Bald Hills
25%
Bridgeman Downs
25%
Geebung
25%
Macgregor
25%
Shorncliffe
25%
Wacol
25%
Carina Heights
24%
Mt Ommaney
24%
Murarrie
24%
Tennyson
24%
Wavell Heights
24%
Belmont
23%
Brighton
23%
Deagon
23%
Gaythorne
23%
Parkinson
23%
Wishart
23%
Durack
22%
Manly West
22%
Richlands
22%
Stafford Heights
22%
Upper Kedron
22%
Chandler
21%
Lota
21%
Nudgee Beach
21%
Pullenvale
21%
Seven Hills
21%
Taigum
21%
Keperra
20%
Kuraby
20%
Moggill
20%
Seventeen Mile Rocks
20%
Kenmore Hills
19%
Wynum West
19%
Fitzgibbon
18%
Gordon Park
18%
Hemmant
18%
Mt Coot-tha
18%
Port of Brisbane
18%
Sinnamon Park
18%
Bellbowrie
17%
Gumdale
17%
Jamboree Heights
17%
McDowall
17%
Robertson
17%
Stretton
17%
Anstead
16%
Lytton
16%
Sumner
16%
Middle Park
15%
Mt Crosby
15%
Upper Brookfield
15%
Burbank
14%
Doolandella
14%
Westlake
14%
Willawong
14%
Ellen Grove
13%
Heathwood
13%
Mackenzie
13%
Pallara
13%
Riverhills
13%
Wakerley
13%
Drewvale
12%
Karana Downs
12%
Pinjarra Hills
12%
Karawatha
11%
Carole Park
10%
Lake Manchester
10%
Moreton Island
10%
Ransome
10%
Capalaba West
9%
Chuwar
9%
Enoggera Resevoir
9%
Kholo
9%
Larapinta
9%
Berrinba
7%
No matching quizzes found
Score Distribution
Percent of People with Each Score
Percentile by Number Answered
Your Score History
You have not taken this quiz